| 000 | 00774nam a2200205 a 4500 | ||
|---|---|---|---|
| 001 | 000035827 | ||
| 005 | 20200930074638.0 | ||
| 008 | 111115s1982 xxua 000 0 spa d | ||
| 040 |
_aDO-SdBNP _bspa _cBNPHU |
||
| 100 | 1 |
_aBoswell, John, _d1945- _961794 |
|
| 240 | 1 | 0 |
_aThe U. S. Armed Forces survival manual. _linglés |
| 245 | 1 | 0 |
_aManual de supervivencia : _bel libro de las fuerzas armadas de los Estados Unidos / _cJohn Boswell en colaboración con George Reiger ; traducción al español por J. López de Castro. |
| 260 |
_aBarcelona : _bEdiciones Martínez, _c1982. |
||
| 300 |
_a348 p. ; _c20 cm. |
||
| 490 | 1 | _aFontana práctica | |
| 700 | 1 | 2 |
_aReiger, George. _961795 |
| 700 | 1 | 2 |
_aLópez de Castro, J. _961796 |
| 830 | 0 |
_aFontana práctica _948710 |
|
| 049 | _aBNPD | ||
| 999 |
_c35318 _d35318 |
||